Landlord and tenant (Record no. 69794)

MARC details
000 -LEADER
fixed length control field 01445cam a2200229 4500
001 - CONTROL NUMBER
control field WB3811-25
008 - FIXED-LENGTH DATA ELEMENTS--GENERAL INFORMATION
fixed length control field 020318n2002 000 0 eng u
035 ## - SYSTEM CONTROL NUMBER
System control number (Sirsi) u117154
245 ## - TITLE STATEMENT
Title Landlord and tenant
260 ## - PUBLICATION, DISTRIBUTION, ETC.
Date of publication, distribution, etc. 2002
490 ## - SERIES STATEMENT
Series statement Estates Gazette Case Summaries
Volume/sequential designation [2002] 11 EG 155 (CS)
520 ## - SUMMARY, ETC.
Summary, etc. "R (on the application of Morris) v London Rent Assessment Committee", CA 7 March 2002. Appellant tenant (M) was served a notice proposing a statutory tenancy and a later notice proposing an assured tenancy by the respondent landlord. M objected to the rent under the assured tenancy and claimed the landlord could not determine the rent because his tenancy was still governed by the Landlord and Tenant Act 1954. M also contended that the later notice was invalid by virtue of the Local Government and Housing Act 1989 s10. The respondent determined the rent payable on the basis that the first notice was invalid as it had not been given to the tenant and the second notice was valid. The determination was upheld. M appealed. Appeal dismissed.
590 ## - LOCAL NOTE (RLIN)
Local note WB
650 ## - SUBJECT ADDED ENTRY--TOPICAL TERM
Topical term or geographic name entry element R V LONDON RENT ASSESSMENT COMMITTEE AND OTHERS EX P MORRIS
650 ## - SUBJECT ADDED ENTRY--TOPICAL TERM
Topical term or geographic name entry element ASSURED TENANCIES
650 ## - SUBJECT ADDED ENTRY--TOPICAL TERM
Topical term or geographic name entry element STATUTORY TENANCIES
650 ## - SUBJECT ADDED ENTRY--TOPICAL TERM
Topical term or geographic name entry element RENT DETERMINATION
650 ## - SUBJECT ADDED ENTRY--TOPICAL TERM
Topical term or geographic name entry element LANDLORD AND TENANT ACT 1954
650 ## - SUBJECT ADDED ENTRY--TOPICAL TERM
Topical term or geographic name entry element LOCAL GOVERNMENT AND HOUSING ACT 1989
690 ## - LOCAL SUBJECT ADDED ENTRY--TOPICAL TERM (OCLC, RLIN)
Topical term or geographic name as entry element LANDLORD AND TENANT-RESIDENTIAL TENANCIES-CASE LAW
942 ## - ADDED ENTRY ELEMENTS (KOHA)
Suppress in OPAC 0
Holdings
Withdrawn status Lost status Source of classification or shelving scheme Damaged status Not for loan Home library Current library Shelving location Date acquired Total Checkouts Full call number Barcode Date last seen Copy number Price effective from Koha item type
    Dewey Decimal Classification     London London News article 18/03/2002   WB3811-25 117154-1001 06/08/2019 1 06/08/2019 Law report